000 00332 a2200145 4500
001 149061
040 _cEscola São Tomás de Aquino
100 _aCOSTA, Regina
240 1 0 _aPé com pé com passo a pé
_lpor
245 1 0 _aPé com pé com passo a pé
362 0 _a1995
440 1 _aPaulinas
697 _aPoesia
942 _cBK
999 _c149061
_d149061